000 00316nam a22001457a 4500
008 210511b ||||| |||| 00| 0 eng d
020 _a9780800624200
041 _aeng
080 _a316
082 _a316
100 _a50
101 _aSOC
245 _aWomen in Travail & Transition
_cGlaz,M
942 _2udc
_cBK
999 _c57146
_d57146